| 000 | 00565nam a2200193Ia 4500 | ||
|---|---|---|---|
| 003 | IN-BaIIA | ||
| 008 | 211028s9999 xx 000 0 eng d | ||
| 020 | _a0-85038-533-4 | ||
| 040 | _cIIA Library | ||
| 080 |
_a621-52 _bCOI-1 |
||
| 100 |
_aCoiffet, Philippe _914199 |
||
| 245 | 0 |
_aModelling and control _cPhilippe Coiffet |
|
| 260 |
_aLondon _bKogan Page _c1981 |
||
| 300 | _a160p. | ||
| 650 |
_aAdaptive control _914200 |
||
| 650 | _aAstronomy and astrophysics thesaurus | ||
| 650 |
_aCybernetics _914201 |
||
| 942 | _cBK | ||
| 999 |
_c8476 _d8476 |
||